000 00679cam a22002411 4500
001 sa 68003381
003 DLC
005 20260227112452.0
008 710903s1966 pk 000 0 eng
010 _asa 68003381 //r71
025 _aPL480:P-E-1187
040 _aDLC
_cDLC
_dDLC
050 0 0 _aPR9898.N55
_bS6
082 0 0 _a820.8
245 0 0 _aSpring moon; selections from the contemporary creative writings of Nigeria.
250 _a[1st ed.
260 0 _aLahore,
_c1966]
300 _a202 p.
_c18 cm.
350 _aRs6.00
_aRs3.00 to members.
650 0 _aNigerian literature (English)
651 0 _aNigeria
_xLiterary collections.
710 2 0 _aAfro-Asian Book Club.
999 _c79438
_d79438